| 000 | 00734cab a2200241 4500 | ||
|---|---|---|---|
| 001 | WB3505-45 | ||
| 008 | 090401t1999 xxu||||| |||| 00| 0 eng d | ||
| 035 | _a(Sirsi) u91026 | ||
| 041 | _aeng | ||
| 245 | _aThames crossings | ||
| 260 | _c1999 | ||
| 350 | _a0 | ||
| 490 |
_aTimes _v1 February 1999, 48(1) |
||
| 520 | _aLondon`s business community is demanding that the government speed up plans to build three new Thames crossings in East London. The schemes have been put on hold until a mayor is elected. Map. | ||
| 650 | _aBRIDGES | ||
| 650 | _aLONDON MAYOR | ||
| 650 | _aLONDON | ||
| 650 | _aRIVER THAMES | ||
| 650 | _aTHAMES GATEWAY | ||
| 690 | _aTRANSPORT AND COMMUNICATIONS | ||
| 942 | _n0 | ||
| 948 | _c02/02/1999 | ||
| 999 |
_c57758 _d57758 |
||